Lectures in Elliptic and Parabolic Equations in Sobolev spaces

שמור ב:
מידע ביבליוגרפי
מחבר ראשי: Krylov, Nikolai Vladimirovich (Author)
פורמט: ספר
שפה:אנגלית
יצא לאור: Providence American Mathematical Society 2008
סדרה:Graduate Studies in Mathematics, 96
נושאים:
תגים: הוספת תג
אין תגיות, היה/י הראשונ/ה לתייג את הרשומה!

MARC

LEADER 00000cam a2200000 a 4500
001 UCG7935
003 CL-VaPUC
008 111028e20080000US |||||||||||||||||eng|d
020 |a 9780821846841 
082 0 4 |a 515.35  |b KRY  |2 21 
100 0 |a Krylov, Nikolai Vladimirovich  |e author  |9 558444 
245 1 0 |a Lectures in Elliptic and Parabolic Equations in Sobolev spaces 
300 |a 357 p 
942 |c BK 
945 |d 20111028 00:00:00  |a dcastane 
260 |a Providence  |b American Mathematical Society  |c 2008 
650 0 |a Ecuaciones diferenciales  |9 260083 
650 7 |a ECUACIONES ELIPTICAS  |2 CL-VaPUC  |9 424132 
650 0 |a Ecuaciones parabólicas  |9 424133 
583 |a last modification  |c 20111028 11:35:00  |k Rodrigo Vera 
490 0 |a Graduate Studies in Mathematics, 96 
999 |c 345623  |d 345621 
952 |0 0  |1 0  |4 0  |6 515_350000000000000_KRY_2008  |7 0  |8 A  |9 444551  |a BIBMAT  |b BIBMAT  |d 2019-11-22  |i 4792890  |o 515.35 KRY 2008  |p 4792890  |r 2025-01-07  |w 2019-11-22  |y BK  |k MAT